000 00778nam a2200205 a 4500
008 110914s2002 ||||||||||||||||| || u
020 _a0071373772
050 _aRC 55 Har
100 _aBraunwald, Eugene
245 1 0 _aHarrison's manual of medicine.-- 15th ed.
_c[edited by] Eugene Braunwald...[and others]
246 _aManual of medicine
250 _a15th ed.
260 _aNew York
_bMcGraw-Hill
_c2002
300 _axvii, 1021p.: ill.
350 _a0.00
650 _aINTERNAL MEDICINE--HANDBOOKS, MANUALS, ETC
650 _aMEDICINE
700 _aHarrison, Tinsley Randolf
995 _aMEDICAL LIBRARY OPEN ACCESS
_D0.00
_e901092
_FCBU-SCHOOL OF MEDICINE LIBRARY (Ndola)
_H1
_I0.00
_jRC 55 HAR
_M1
_UAVAILABLE
_WOct 13, 2011
_y901092
_ZMedical Library Open Access Collection
999 _c31632
_d31632